000 00236nam a22000857a 4500
008 161026b xxu||||| |||| 00| 0 eng d
100 _9957
_aFrank.A.
245 _aThe Diary of the Young Girl
260 _aNew Delhi
_bThree Ess Publications
_c2012
999 _c3612
_d3612